000 00574nam a2200241Ia 4500
008 190123s9999 xx 000 0 und d
020 _a9780516460352
050 _bF785 1995
100 _aFowler, Allan
245 0 _aWhen a storm comes up /
245 0 _cby Allan Fowler.
260 _aChicago :
260 _bChildren's Press,
260 _c1995
300 _a31 pages :
300 _bcolored illustrations ;
300 _c17cm.
440 _aRookie read-about science.
500 _a590L
650 _aStorms.
700 _aSeries.
700 _aTitle.
999 _c361002
_d361002